Ładuje się......
| LEADER | 00325nam a2200109Ia 4500 | ||
|---|---|---|---|
| 001 | 40096 | ||
| 008 | 170722s9999 xx 000 0 und d | ||
| 100 | |a Nabokov, Vladimir | ||
| 245 | |a Lolita / | ||
| 942 | |c GEN | ||
| 999 | |c 53421 |d 53421 | ||
| 952 | |0 1 |1 0 |4 0 |6 O_3M993L_J5 |7 0 |9 75976 |a LIB |b LIB |d 2017-08-12 |o O-,3M993,L J5 |p 72553 |r 2017-08-12 |w 2017-08-12 |y GEN | ||